000 00568nam a2200193Ia 4500
005 20250326141508.0
008 250326s9999 xx 000 0 und d
020 _a0-669-20348-3
037 _aTextbook
040 _aFMSL
_beng
_cFMSL
041 _aeng
_2eng
084 _aX8(F):8 NO
_qFMSL
100 _aTornatzky L G
_9744576
245 0 _aProcesses of technological innovation
_cTornatzky L G; Fleischer M
260 _aLexington
_bLexington, Lexington Books
_c1990
300 _axviii,298
942 _cTB
_hX8(F):8 NO
999 _c1290569
_d1290569